| 000 | 01310cam a2200385 4500 | ||
|---|---|---|---|
| 001 | 21281 | ||
| 003 | VRT | ||
| 005 | 20260226084908.0 | ||
| 008 | 220805s2022 xo e 010 f slo | ||
| 015 | _aSNBA2023/03 | ||
| 020 |
_a9788056909959 _q(viazané) |
||
| 039 | 9 |
_a202601011507 _bcsnk01 _c202303131615 _dmsnk159 _c202303101456 _dmsnk176 _c202303101444 _dmsnk176 |
|
| 040 |
_aMIZKGZ _bslo _cMIZKGZ _dSNK _erda |
||
| 041 | 0 | _aslo | |
| 044 |
_axo _cSK |
||
| 072 | 7 |
_a821.162.4-3 _xSlovenská próza _2konspekt |
|
| 080 |
_a821.162.4-31 _22011 |
||
| 080 |
_a(0:82-993) _22011 |
||
| 100 | 1 |
_aMonošová, Martina, _d1972- _4aut |
|
| 245 | 1 | 0 |
_aLekcie z nenávisti _cMartina Monošová |
| 250 | _a2. vydanie | ||
| 264 | 1 |
_aBratislava _bMarenčin PT _c2022 |
|
| 300 |
_a252 strán _c21 cm |
||
| 336 |
_atext _btxt _2rdacontent |
||
| 337 |
_abez média _bn _2rdamedia |
||
| 338 |
_azväzok _bnc _2rdacarrier |
||
| 500 | _aObsahuje biografické údaje o autorke na záložke prebalu publikácie | ||
| 655 | 7 |
_aslovenské romány _2SNKPH |
|
| 655 | 7 |
_aSlovak fiction _2SNKPHeng |
|
| 655 | 7 |
_aErotic novels _2SNKPHeng |
|
| 655 | 7 |
_aerotické romány _2SNKPH |
|
| 942 |
_2ddc _cKLDO _n0 |
||
| 949 |
_617A1494122 _asnkSC 199171 _bsnk2022/14625 _o1637/2022 |
||
| 949 |
_617A1494123 _asnkSC 199171 D1 _bsnk2022/14626 _o1637/2022 |
||
| 999 |
_c21281 _d21281 |
||